| 000 | 00593nam a2200193 a 4500 | ||
|---|---|---|---|
| 005 | 20250116063834.0 | ||
| 008 | 991125s1970 mx 000 0 spa u | ||
| 035 | _aUPN01000037790 | ||
| 049 | _aF | ||
| 050 | 4 |
_aLB7 _bF67 no.4 |
|
| 100 | 1 |
_aRodríguez, Fernando _937989 |
|
| 245 | 1 | 4 |
_aLos medios de comunicación en las áreas educacionales y de opinión pública / _cFernando Rodríguez. |
| 260 |
_aMéxico : _bCEE, _c1970. |
||
| 300 | _a16 p. | ||
| 440 | 0 |
_aFolleto de divulgación ; _v4 |
|
| 650 | 4 |
_aMedios masivos de comunicación _99547 |
|
| 650 | 4 |
_aEducación _9682 |
|
| 905 | _aLibro | ||
| 999 |
_c37790 _d37790 |
||